000 00516nam a2200193 i 4500
001 bgj
100 1 _aDONATH, Adolf
245 1 0 _aWybór idiomów niemieckich /
_cAdolf Donath.
260 _aWarszawa :
_bWiedza Powszechna,
_c1990.
300 _a245, [1] S. ;
_c20 cm.
504 _aBibliographie S. 7.
650 9 _aDeutsch
_xFremdsprache
_xPhraseologie
020 _a8321407137
040 _cBPK
041 0 _ager
_apol
920 _a83-214-0713-7
942 _cKS
008 s pl f |000 0 pol
999 _c51015
_d51015
856 _uhttp://koha.tu.koszalin.pl/cgi-bin/koha/opac-detail.pl?biblionumber=51015
_yKatalog online BPK